000 00557nam a2200193Ia 4500
003 GCL
008 140319s9999 xx 000 0 ara d
040 _aGCL /
_cGCL
082 0 4 _a813.01
_bص ت
100 1 _aصلاح الدين بوجاة
245 1 0 _aالتاج والخنجر والجسد /
_cصلاح الدين بوجاة
260 _a[S.N] :
_bدار سعاد الصباح ،
_c1992
300 _a162 ص
490 _a
650 0 4 _aالادب العربى
650 0 4 _aالقصص العربية
650 0 4 _aالقصص
942 _2ddc
_cBK
999 _c43590
_d43590